[Event "GSF 75 aars jubilaeum Mester2 2008"]
[Site "Bagsvaerd"]
[Date "2008.04.15"]
[Round "1"]
[White "Edoo, Niels"]
[Black "Furu, Thormod"]
[Result "0-1"]
[WhiteElo "1847"]
[BlackElo "1922"]
[PlyCount "76"]
[EventDate "2008.??.??"]

1. e4 e5 2. Nf3 Nc6 3. d4 exd4 4. Nxd4 Nf6 5. Nxc6 bxc6 6. Bd3 d5 7. e5 Ng4 8.
Bf4 Bc5 9. O-O O-O 10. h3 Nxf2 11. Rxf2 Bxf2+ 12. Kxf2 Qh4+ 13. Bg3 Qd4+ 14.
Kf1 Qxb2 15. Nd2 f6 16. exf6 Rxf6+ 17. Kg1 Ba6 18. Nf3 Bxd3 19. cxd3 Re8 20.
Rb1 Qxa2 21. Be5 Rg6 22. Rb2 Qa3 23. Rf2 c5 24. Nh4 Rxe5 25. Nxg6 hxg6 26. Qg4
Qc1+ 27. Rf1 Qe3+ 28. Kh2 Rg5 29. Qc8+ Kh7 30. g4 Re5 31. Qd8 Qxd3 32. Qh4+ Rh5
33. gxh5 Qxf1 34. hxg6+ Kxg6 35. Qg4+ Kf6 36. Qh4+ Ke6 37. Qg4+ Qf5 38. Qxg7
Qe5+ 0-1

[Event "GSF 75 aars jubilaeum Mester2 2008"]
[Site "Bagsvaerd"]
[Date "2008.04.15"]
[Round "1"]
[White "Strachan, Christian C"]
[Black "Steenstrup, Per"]
[Result "0-1"]
[WhiteElo "1815"]
[BlackElo "1904"]
[PlyCount "78"]
[EventDate "2008.??.??"]

1. e4 c5 2. c3 Nf6 3. e5 Nd5 4. Nf3 e6 5. d4 cxd4 6. cxd4 d6 7. exd6 Bxd6 8.
Nc3 Nxc3 9. bxc3 b6 10. Bd3 Bb7 11. O-O Nd7 12. Re1 Qc7 13. Bd2 Rc8 14. h3 h6
15. Qe2 O-O 16. Rac1 Rfe8 17. Ne5 Nxe5 18. dxe5 Bc5 19. Qg4 Kh8 20. Be3 Qe7 21.
Kh2 Red8 22. Bb1 Rd7 23. f4 g6 24. Qe2 Kg7 25. Rcd1 Rcd8 26. Bc1 Ba3 27. Be3
Bc6 28. Bf2 Bc5 29. Bg3 Ba4 30. Rxd7 Qxd7 31. Be4 Bb5 32. c4 Ba4 33. Bh4 Be7
34. Bf6+ Bxf6 35. exf6+ Kxf6 36. Bf3 Qd4 37. g3 Qd2 38. Kg2 Qxe2+ 39. Rxe2 Bd1
0-1

[Event "GSF 75 aars jubilaeum Mester2 2008"]
[Site "Bagsvaerd"]
[Date "2008.04.15"]
[Round "1"]
[White "Sorensen, Dick"]
[Black "Lodahl, Carsten"]
[Result "0-1"]
[WhiteElo "1911"]
[BlackElo "1930"]
[PlyCount "106"]
[EventDate "2008.??.??"]

1. d4 Nf6 2. c4 c5 3. e3 g6 4. Nc3 Bg7 5. Nf3 O-O 6. d5 d6 7. Bd3 e6 8. O-O
exd5 9. cxd5 a6 10. a4 Bg4 11. h3 Bxf3 12. Qxf3 Nbd7 13. Qe2 Re8 14. f4 Nb6 15.
Qf3 Qc7 16. a5 Nbd7 17. Ra4 b5 18. axb6 Qxb6 19. Qe2 Nxd5 20. Nxd5 Qc6 21. Rxa6
Rxa6 22. Bxa6 Qxd5 23. Rd1 Qe6 24. Bc4 Qe7 25. Qd2 Bf8 26. b4 Nb6 27. Bb5 Rc8
28. Bb2 f6 29. Ba6 Rc7 30. Ba3 Ra7 31. b5 Kg7 32. Qc3 Rc7 33. g4 Qe4 34. Bb2
Be7 35. g5 Qf3 36. gxf6+ Kf7 37. Rd2 Bf8 38. Rf2 Qxh3 39. e4 Qe6 40. f5 Qxe4
41. fxg6+ hxg6 42. Qh3 Ke8 43. Qg2 Qxg2+ 44. Kxg2 d5 45. Bc3 c4 46. Ba5 Bc5 47.
Re2+ Kf7 48. Ra2 d4 49. Kf3 Kxf6 50. Bxb6 Bxb6 51. Ke4 d3 52. Kd5 c3 53. Ke4 c2
0-1

[Event "GSF 75 aars jubilaeum Mester2 2008"]
[Site "Bagsvaerd"]
[Date "2008.04.15"]
[Round "1"]
[White "Hejberg, Carsten"]
[Black "Petersen, Erling Karl"]
[Result "1-0"]
[WhiteElo "1909"]
[BlackElo "1833"]
[PlyCount "95"]
[EventDate "2008.??.??"]

1. d4 d5 2. c4 c6 3. Nf3 Nf6 4. Nc3 dxc4 5. a4 e6 6. e3 Bb4 7. Bxc4 O-O 8. O-O
b6 9. Qe2 a5 10. e4 h6 11. Bf4 Ne8 12. Bxb8 Rxb8 13. Ne5 Bb7 14. Rad1 Qc7 15.
f4 Nd6 16. Bb3 Rbd8 17. Na2 Qc8 18. Nxb4 axb4 19. Rfe1 Ba6 20. Qc2 c5 21. dxc5
bxc5 22. Nc4 Bxc4 23. Bxc4 Nxc4 24. Qxc4 Qc7 25. e5 Qc6 26. b3 Rd5 27. Rc1 Rfd8
28. Qxb4 cxb4 29. Rxc6 Rd3 30. Rb1 Rd2 31. Rd6 R8xd6 32. exd6 Rxd6 33. a5 Kf8
34. Ra1 Ra6 35. Kf2 Ke7 36. Ke3 Kd6 37. Kd4 Kc6 38. Kc4 g5 39. fxg5 hxg5 40.
Kxb4 e5 41. Kc4 e4 42. b4 Kd6 43. b5 Ra8 44. a6 f5 45. a7 e3 46. b6 Kc6 47. Rb1
g4 48. b7 1-0

[Event "GSF 75 aars jubilaeum Mester2 2008"]
[Site "Bagsvaerd"]
[Date "2008.04.22"]
[Round "2"]
[White "Hejberg, Carsten"]
[Black "Edoo, Niels"]
[Result "1/2-1/2"]
[WhiteElo "1909"]
[BlackElo "1847"]
[PlyCount "52"]
[EventDate "2008.??.??"]

1. d4 Nf6 2. c4 e6 3. Nc3 d5 4. cxd5 exd5 5. Bg5 Be7 6. e3 O-O 7. Bd3 c6 8. Qc2
Nbd7 9. Nge2 Re8 10. O-O Ne4 11. Bxe7 Qxe7 12. Rae1 Ndf6 13. f3 Nxc3 14. Nxc3
Qd6 15. Qf2 Be6 16. Ne2 Rad8 17. Bb1 Qb4 18. Nf4 Bc8 19. Qc2 g6 20. a3 Qd6 21.
Qc3 Re7 22. Rf2 Rde8 23. Rfe2 b6 24. b4 Ba6 25. Bd3 Bc8 26. Bc2 Ba6 1/2-1/2

[Event "GSF 75 aars jubilaeum Mester2 2008"]
[Site "Bagsvaerd"]
[Date "2008.04.22"]
[Round "2"]
[White "Steenstrup, Per"]
[Black "Sorensen, Dick"]
[Result "0-1"]
[WhiteElo "1904"]
[BlackElo "1911"]
[PlyCount "100"]
[EventDate "2008.??.??"]

1. e4 c5 2. Nc3 Nc6 3. f4 e6 4. Nf3 d5 5. exd5 exd5 6. Bb5 Nf6 7. Ne5 Qc7 8.
Qf3 a6 9. Bxc6+ bxc6 10. Qg3 Bf5 11. d3 O-O-O 12. O-O h6 13. Bd2 Rg8 14. Rae1
Bd6 15. Qf2 d4 16. Ne4 Bxe4 17. dxe4 Bxe5 18. fxe5 Qxe5 19. Qf5+ Qxf5 20. Rxf5
Rge8 21. Bxh6 Nxe4 22. Bxg7 c4 23. Bh6 d3 24. cxd3 cxd3 25. Rd1 f6 26. Bd2 Re5
27. Rxe5 fxe5 28. Be3 c5 29. b3 Kb7 30. g4 Kc6 31. Kg2 Nc3 32. Rd2 e4 33. Bg5
Rg8 34. h4 Ne2 35. Kf2 Kd5 36. Rxe2 dxe2 37. Kxe2 Kd4 38. Bf6+ Kd5 39. g5 Ke6
40. Ke3 Kf5 41. Be7 Rh8 42. g6 Kxg6 43. Bxc5 Rxh4 44. b4 Kf5 45. a4 Ke5 46. b5
Rh3+ 47. Kd2 axb5 48. axb5 Rd3+ 49. Ke2 Rd5 50. Be3 Rxb5 0-1

[Event "GSF 75 aars jubilaeum Mester2 2008"]
[Site "Bagsvaerd"]
[Date "2008.04.22"]
[Round "2"]
[White "Furu, Thormod"]
[Black "Strachan, Christian C"]
[Result "1-0"]
[WhiteElo "1922"]
[BlackElo "1815"]
[PlyCount "74"]
[EventDate "2008.??.??"]

1. e4 c5 2. Nc3 Nc6 3. g3 g6 4. Bg2 Bg7 5. d3 d6 6. f4 e6 7. Nf3 Nge7 8. O-O
O-O 9. Be3 f5 10. e5 Nd5 11. Bf2 a6 12. a4 Rb8 13. Re1 b6 14. Qd2 Nxc3 15. bxc3
d5 16. h3 Kh8 17. Kh2 Qe8 18. c4 d4 19. c3 dxc3 20. Qxc3 Rf7 21. d4 cxd4 22.
Nxd4 Nxd4 23. Bxd4 Bb7 24. Bxb7 Rfxb7 25. Red1 Qc6 26. Bf2 Bf8 27. Rd2 Rc8 28.
Rc1 a5 29. Qb3 Bb4 30. Rd3 Kg7 31. Qd1 Kf7 32. g4 Rcc7 33. gxf5 exf5 34. Rd5
Rd7 35. Qd3 Ke7 36. Rd1 Ke6 37. Bxb6 Ke7 1-0

[Event "GSF 75 aars jubilaeum Mester2 2008"]
[Site "Bagsvaerd"]
[Date "2008.04.22"]
[Round "2"]
[White "Petersen, Erling Karl"]
[Black "Lodahl, Carsten"]
[Result "0-1"]
[WhiteElo "1833"]
[BlackElo "1930"]
[PlyCount "100"]
[EventDate "2008.??.??"]

1. e4 d5 2. exd5 Qxd5 3. Nc3 Qa5 4. Bc4 Nf6 5. d3 Bg4 6. Nge2 e6 7. Bd2 c6 8.
O-O Qc7 9. f3 Bf5 10. Qc1 Nbd7 11. Re1 Bd6 12. Bf4 Nb6 13. Bb3 O-O-O 14. Bxd6
Qxd6 15. Ng3 Bg6 16. Nge4 Bxe4 17. dxe4 Qe5 18. Rd1 g5 19. Rxd8+ Rxd8 20. Qf1
Rd2 21. Kh1 Nh5 22. Rd1 Qd4 23. Rxd2 Qxd2 24. Qd1 Qf2 25. Qg1 Qd2 26. Qd1 Qf4
27. Qe1 Qe5 28. Qf2 Nf4 29. Ne2 Nxe2 30. Qxe2 Qxb2 31. Qd1 Qe5 32. h3 Nd7 33.
Qd2 Qc5 34. c4 Nf6 35. Qb2 e5 36. Qd2 h6 37. h4 Nh5 38. Kh2 Nf4 39. hxg5 hxg5
40. Kg3 Qg1 41. Kg4 Nxg2 42. Kf5 Nh4+ 43. Kf6 Qd4 44. Qxd4 exd4 45. Kxg5 Nxf3+
46. Kf4 Nd2 47. e5 Nxb3 48. axb3 Kd7 49. c5 b6 50. cxb6 axb6 0-1

[Event "GSF 75 aars jubilaeum Mester2 2008"]
[Site "Bagsvaerd"]
[Date "2008.04.29"]
[Round "3"]
[White "Strachan, Christian C"]
[Black "Hejberg, Carsten"]
[Result "0-1"]
[WhiteElo "1815"]
[BlackElo "1909"]
[PlyCount "34"]
[EventDate "2008.??.??"]

1. e4 c6 2. d4 d5 3. e5 Bf5 4. Nc3 e6 5. g4 Bg6 6. Nge2 c5 7. h4 h5 8. Nf4 Bh7
9. Nxh5 cxd4 10. Qxd4 Nc6 11. Qa4 a6 12. Bd3 d4 13. Bxh7 Rxh7 14. Ne2 g6 15.
Nf6+ Nxf6 16. exf6 Qxf6 17. Bg5 Qxg5 0-1

[Event "GSF 75 aars jubilaeum Mester2 2008"]
[Site "Bagsvaerd"]
[Date "2008.04.29"]
[Round "3"]
[White "Edoo, Niels"]
[Black "Petersen, Erling Karl"]
[Result "1-0"]
[WhiteElo "1847"]
[BlackElo "1833"]
[PlyCount "51"]
[EventDate "2008.??.??"]

1. c4 Nf6 2. Nf3 b6 3. g3 Bb7 4. Bg2 e6 5. d4 Be7 6. O-O O-O 7. Nc3 d5 8. cxd5
exd5 9. Bf4 Nh5 10. Bd2 Nf6 11. Rc1 Ne8 12. Qb3 c6 13. e4 Ba6 14. Rfe1 Bc4 15.
Qc2 dxe4 16. Nxe4 Bd5 17. Ne5 Nd6 18. Nxd6 Bxg2 19. Nf5 Bf6 20. Kxg2 Qd5+ 21.
Kg1 c5 22. Ng4 Qf3 23. Nxf6+ gxf6 24. Bh6 Rd8 25. Qe4 Qxe4 26. Rxe4 1-0

[Event "GSF 75 aars jubilaeum Mester2 2008"]
[Site "Bagsvaerd"]
[Date "2008.04.29"]
[Round "3"]
[White "Lodahl, Carsten"]
[Black "Steenstrup, Per"]
[Result "1-0"]
[WhiteElo "1930"]
[BlackElo "1904"]
[PlyCount "99"]
[EventDate "2008.??.??"]

1. d4 Nf6 2. c4 e6 3. Nc3 d5 4. Nf3 Nbd7 5. e3 c5 6. cxd5 exd5 7. dxc5 Nxc5 8.
Bb5+ Bd7 9. O-O Bxb5 10. Nxb5 Be7 11. b4 Nce4 12. Bb2 O-O 13. a3 a6 14. Nbd4
Rc8 15. Nf5 Re8 16. Nxe7+ Qxe7 17. Qd3 Ng4 18. h3 Ngxf2 19. Rxf2 Nxf2 20. Kxf2
Qe4 21. Qxe4 Rxe4 22. Rd1 Rc2+ 23. Rd2 Rxd2+ 24. Nxd2 Re6 25. Bd4 Rc6 26. a4 f5
27. g3 g5 28. a5 Kf7 29. Bc5 Ke6 30. Nf3 Kf6 31. Bd4+ Ke7 32. Bc5+ Kf6 33. Nd4
Rc7 34. Nb3 Ke6 35. Kf3 h6 36. g4 Rf7 37. Nd4+ Ke5 38. Nxf5 h5 39. Bd4+ Ke6 40.
Kg3 hxg4 41. hxg4 Kd7 42. Bc5 Rh7 43. Kg2 Rf7 44. Nd6 Rf6 45. Nxb7 Kc7 46. Bd4
Rh6 47. Nc5 Kc6 48. Nxa6 Kb5 49. Nc7+ Kxb4 50. a6 1-0

[Event "GSF 75 aars jubilaeum Mester2 2008"]
[Site "Bagsvaerd"]
[Date "2008.05.13"]
[Round "4"]
[White "Edoo, Niels"]
[Black "Strachan, Christian C"]
[Result "1-0"]
[WhiteElo "1847"]
[BlackElo "1815"]
[PlyCount "73"]
[EventDate "2008.??.??"]

1. c4 Nf6 2. Nf3 c5 3. Nc3 Nc6 4. g3 g6 5. Bg2 Bg7 6. O-O O-O 7. e4 d6 8. h3 a6
9. d4 cxd4 10. Nxd4 Bd7 11. Be3 Rc8 12. b3 Nxd4 13. Bxd4 Re8 14. Re1 Bc6 15.
Qd3 e6 16. Rad1 Bf8 17. f4 Nd7 18. Kh2 Qc7 19. Rc1 Qa5 20. Rb1 Qc7 21. Rec1 Nc5
22. Qe3 e5 23. fxe5 Nd7 24. Nd5 Qd8 25. Nf6+ Nxf6 26. exf6 Qa5 27. b4 Qc7 28.
b5 Bd7 29. Bb6 Qb8 30. bxa6 bxa6 31. Qd3 Bc6 32. c5 Qb7 33. cxd6 Qd7 34. Bc5
Bb5 35. Qd4 Re6 36. e5 Rce8 37. Re1 1-0

[Event "GSF 75 aars jubilaeum Mester2 2008"]
[Site "Bagsvaerd"]
[Date "2008.05.13"]
[Round "4"]
[White "Furu, Thormod"]
[Black "Lodahl, Carsten"]
[Result "0-1"]
[WhiteElo "1922"]
[BlackElo "1930"]
[PlyCount "132"]
[EventDate "2008.??.??"]

1. e4 c5 2. g3 d6 3. Bg2 Nc6 4. f4 e5 5. d3 f5 6. Nh3 Nf6 7. O-O fxe4 8. dxe4
Bg4 9. Qd3 Be7 10. c3 Qd7 11. Nf2 Bh5 12. Bh3 Bg4 13. Nxg4 Nxg4 14. f5 Nf6 15.
Rd1 O-O-O 16. Be3 Kb8 17. Na3 h5 18. Nc2 d5 19. exd5 Qxd5 20. Qxd5 Rxd5 21. Bg2
Rxd1+ 22. Rxd1 Kc7 23. h3 a6 24. Bg5 c4 25. Kf1 Rd8 26. Rxd8 Bxd8 27. Ne3 b5
28. Bxf6 Bxf6 29. Nd5+ Kd6 30. Ke2 Ne7 31. Nxf6 gxf6 32. Be4 Ng8 33. Ke3 Nh6
34. Bc2 Kd5 35. Be4+ Kc5 36. Bc2 a5 37. Ke4 Nf7 38. h4 b4 39. Kf3 Nh6 40. Ke4
Ng4 41. Ba4 Nf2+ 42. Ke3 Nd3 43. cxb4+ Kxb4 44. b3 Nc5 45. Be8 cxb3 46. axb3
Nxb3 47. g4 hxg4 48. h5 Nd4 49. Bd7 Nf3 50. Bc6 Ng5 51. Kd2 Kc5 52. Ba4 Kd4 53.
Ke2 Ke4 54. Bc2+ Kf4 55. h6 e4 56. Kf2 Kxf5 57. Kg3 Kg6 58. Kxg4 Kxh6 59. Kf5
Kg7 60. Bb3 Nf3 61. Bd5 Nd2 62. Kf4 f5 63. Ke3 Nb1 64. Bxe4 fxe4 65. Kxe4 Na3
66. Kd3 Nb5 0-1

[Event "GSF 75 aars jubilaeum Mester2 2008"]
[Site "Bagsvaerd"]
[Date "2008.05.06"]
[Round "4"]
[White "Hejberg, Carsten"]
[Black "Sorensen, Dick"]
[Result "1-0"]
[WhiteElo "1909"]
[BlackElo "1911"]
[PlyCount "63"]
[EventDate "2008.??.??"]

1. d4 Nf6 2. c4 g6 3. Nc3 d5 4. cxd5 Nxd5 5. e4 Nxc3 6. bxc3 Bg7 7. Bb5+ c6 8.
Ba4 O-O 9. Ne2 e5 10. Ba3 Re8 11. d5 Qh4 12. Qc2 b5 13. Bb3 a5 14. dxc6 Nxc6
15. Bd5 Ra6 16. Qb3 Rd8 17. Qxb5 Ne7 18. Bxe7 Qxe7 19. O-O Qa7 20. Rab1 Bg4 21.
Nc1 h6 22. h3 Be6 23. c4 Kh7 24. Qb7 Rd7 25. Qxa7 Rdxa7 26. Nd3 Rc7 27. Rfc1 f5
28. f3 a4 29. Nb4 Rb6 30. c5 Bxd5 31. cxb6 Rxc1+ 32. Rxc1 1-0

[Event "GSF 75 aars jubilaeum Mester2 2008"]
[Site "Bagsvaerd"]
[Date "2008.05.13"]
[Round "4"]
[White "Petersen, Erling Karl"]
[Black "Steenstrup, Per"]
[Result "0-1"]
[WhiteElo "1833"]
[BlackElo "1904"]
[PlyCount "122"]
[EventDate "2008.??.??"]

1. e4 c5 2. Nf3 e6 3. d4 cxd4 4. Nxd4 Nc6 5. Nc3 Qc7 6. Be2 Nf6 7. O-O a6 8.
Nxc6 dxc6 9. Be3 b5 10. a3 Be7 11. f4 Bb7 12. Bf3 c5 13. Qe1 b4 14. axb4 cxb4
15. Na4 Bxe4 16. Bxe4 Nxe4 17. Qe2 Rb8 18. Bd4 Qc6 19. Rfe1 f5 20. b3 O-O 21.
Rac1 Rfd8 22. Be3 Bf6 23. Kh1 Rd5 24. Red1 Rbd8 25. Rd3 Rc8 26. Kg1 Rcd8 27.
Kf1 Qb5 28. Rcd1 Rxd3 29. Rxd3 Rxd3 30. Qxd3 Qxd3+ 31. cxd3 Nc3 32. Nc5 Nd5 33.
Bd2 Bc3 34. Bc1 Nc7 35. Ke2 Kf7 36. g3 Ke7 37. Bd2 Bxd2 38. Kxd2 Kd6 39. d4 Kd5
40. Kd3 g6 41. h3 h6 42. h4 h5 43. Ke3 a5 44. Nb7 a4 45. bxa4 b3 46. Kd3 b2 47.
Kc2 Kxd4 48. Kxb2 Ke3 49. Kc3 Ke4 50. Kc4 Kf3 51. a5 Kxg3 52. Nd8 Kxh4 53. Kc5
Kg4 54. Kb6 Na8+ 55. Kb7 h4 56. Kxa8 h3 57. a6 h2 58. a7 h1=Q+ 59. Kb8 Kxf4 60.
a8=Q Qxa8+ 61. Kxa8 e5 0-1

[Event "GSF 75 aars jubilaeum Mester2 2008"]
[Site "Bagsvaerd"]
[Date "2008.05.20"]
[Round "5"]
[White "Sorensen, Dick"]
[Black "Edoo, Niels"]
[Result "1-0"]
[WhiteElo "1911"]
[BlackElo "1847"]
[PlyCount "43"]
[EventDate "2008.??.??"]

1. d4 Nf6 2. Nf3 c5 3. c3 d5 4. Bf4 e6 5. Bxb8 Rxb8 6. Qa4+ b5 7. Qxa7 Rb7 8.
Qa6 Rb8 9. Qa7 Bd7 10. dxc5 Ra8 11. Qb6 Qc8 12. c6 Bxc6 13. Nbd2 Bd7 14. Qd4
Ra4 15. Qe5 Bc5 16. e3 O-O 17. b4 Be7 18. Bd3 Ng4 19. Qh5 Nf6 20. Qe5 Ng4 21.
Qh5 g6 22. Qxg4 1-0

[Event "GSF 75 aars jubilaeum Mester2 2008"]
[Site "Bagsvaerd"]
[Date "2008.05.20"]
[Round "5"]
[White "Steenstrup, Per"]
[Black "Furu, Thormod"]
[Result "0-1"]
[WhiteElo "1904"]
[BlackElo "1922"]
[PlyCount "123"]
[EventDate "2008.??.??"]

1. e4 d5 2. exd5 Qxd5 3. Nc3 Qa5 4. d4 c6 5. Bd2 Nf6 6. Bc4 Bf5 7. Nd5 Qd8 8.
Nxf6+ gxf6 9. c3 e6 10. Nf3 Rg8 11. Nh4 Bg4 12. f3 Bh5 13. g3 Nd7 14. Qe2 Nb6
15. Bd3 Bg6 16. Nxg6 hxg6 17. O-O-O Qc7 18. c4 O-O-O 19. Bf4 Qd7 20. Bd2 g5 21.
Be3 Qc7 22. Kb1 c5 23. dxc5 Bxc5 24. b3 Qe5 25. Be4 Kb8 26. Bxc5 Qxc5 27. Rxd8+
Rxd8 28. Rd1 Rd4 29. Bc2 Nd7 30. Rxd4 Qxd4 31. Qd1 Qxd1+ 32. Bxd1 Kc7 33. Kc2
Kd6 34. Kd3 f5 35. b4 b6 36. Be2 g4 37. Kd4 e5+ 38. Ke3 Nf6 39. Bd3 Ke6 40. c5
Nd5+ 41. Kf2 Nxb4 42. Bc4+ Ke7 43. a3 Nc6 44. Bd5 Nd4 45. cxb6 axb6 46. fxg4
fxg4 47. Kg2 Nc2 48. Be4 Nxa3 49. Bf5 Nc4 50. Kf2 Nd6 51. Bxg4 f5 52. Bd1 Nb5
53. Ke3 Nd4 54. Kd3 b5 55. Kc3 Kf6 56. h4 Ke6 57. g4 f4 58. Kd3 b4 59. Ba4 b3
60. Bxb3+ Nxb3 61. Ke4 Nd4 62. h5 0-1

[Event "GSF 75 aars jubilaeum Mester2 2008"]
[Site "Bagsvaerd"]
[Date "2008.05.20"]
[Round "5"]
[White "Strachan, Christian C"]
[Black "Petersen, Erling Karl"]
[Result "1-0"]
[WhiteElo "1815"]
[BlackElo "1833"]
[PlyCount "93"]
[EventDate "2008.??.??"]

1. e4 c5 2. c3 d5 3. exd5 Qxd5 4. d4 Nc6 5. Nf3 Nf6 6. Be2 e6 7. O-O Be7 8. Be3
cxd4 9. cxd4 O-O 10. Nc3 Qd8 11. a3 Nd5 12. Qd2 a6 13. Rac1 Bd7 14. Bd3 Rc8 15.
Qe2 f5 16. Nxd5 exd5 17. Ne5 Nxe5 18. dxe5 Be6 19. f4 g6 20. Qd2 Qd7 21. Be2
Rxc1 22. Rxc1 Rc8 23. Bf3 Rxc1+ 24. Qxc1 Qc6 25. Kf2 Kf7 26. b4 Ke8 27. Qxc6+
bxc6 28. Be2 Bc8 29. Bb6 Bd8 30. Bxd8 Kxd8 31. Ke3 Kc7 32. Kd4 Kb6 33. h3 h5
34. a4 a5 35. bxa5+ Kxa5 36. Kc5 Kxa4 37. Kxc6 d4 38. Kd6 Kb4 39. e6 Bxe6 40.
Kxe6 Kc3 41. Kf6 Kd2 42. Bf3 Ke3 43. Kxg6 Kxf4 44. Kxh5 d3 45. h4 Kg3 46. Kg5
f4 47. h5 1-0

[Event "GSF 75 aars jubilaeum Mester2 2008"]
[Site "Bagsvaerd"]
[Date "2008.05.26"]
[Round "5"]
[White "Lodahl, Carsten"]
[Black "Hejberg, Carsten"]
[Result "1/2-1/2"]
[WhiteElo "1930"]
[BlackElo "1909"]
[PlyCount "112"]
[EventDate "2008.??.??"]

1. d4 Nf6 2. c4 g6 3. Nc3 Bg7 4. e4 d6 5. f3 O-O 6. Bg5 Nbd7 7. Qd2 c6 8. Bd3
e5 9. d5 Nc5 10. Nge2 Qa5 11. O-O cxd5 12. cxd5 Nxd3 13. Qxd3 a6 14. a3 b5 15.
b4 Qb6+ 16. Kh1 Bd7 17. Nc1 Rac8 18. Nb3 Rc7 19. Be3 Qb8 20. Rac1 Nh5 21. Ne2
Rfc8 22. Rxc7 Rxc7 23. Rc1 Rxc1+ 24. Bxc1 f5 25. g3 fxe4 26. fxe4 Nf6 27. Nc3
Ng4 28. Kg2 Qf8 29. Nd1 Bh6 30. h3 Bxc1 31. Nxc1 Qh6 32. Ne2 Nf6 33. Nf2 Qf8
34. Qf3 Kg7 35. Qc3 Qc8 36. Qxc8 Bxc8 37. Nc1 Nd7 38. Nb3 Nb6 39. Na5 Kf7 40.
Nd1 Na4 41. Nc6 Kf6 42. g4 h5 43. gxh5 gxh5 44. Kg3 Kg5 45. h4+ Kf6 46. Nb8 Nb6
47. Nc3 Nc4 48. a4 bxa4 49. Nxa4 Nd2 50. Nc3 Ke7 51. Nc6+ Kd7 52. Kf2 Nb3 53.
Ke3 Bb7 54. Na5 Nxa5 55. bxa5 Bc8 56. Na2 Kc7 1/2-1/2

[Event "GSF 75 aars jubilaeum Mester2 2008"]
[Site "Bagsvaerd"]
[Date "2008.05.27"]
[Round "6"]
[White "Edoo, Niels"]
[Black "Lodahl, Carsten"]
[Result "0-1"]
[WhiteElo "1847"]
[BlackElo "1930"]
[PlyCount "60"]
[EventDate "2008.??.??"]

1. e4 c5 2. Nf3 d6 3. d4 cxd4 4. Nxd4 Nf6 5. Nc3 a6 6. a4 e5 7. Nb3 Be7 8. Bg5
Be6 9. Be2 Nbd7 10. O-O Rc8 11. Qd2 O-O 12. Rfd1 Qc7 13. Rac1 Rfd8 14. Kh1 Nb6
15. Qe3 d5 16. Bxf6 Bxf6 17. exd5 Nxd5 18. Nxd5 Bxd5 19. c4 Bc6 20. Rxd8+ Rxd8
21. Nc5 Be7 22. b4 a5 23. Nd3 axb4 24. Nxe5 Bxa4 25. c5 Bf6 26. Ng4 Bc3 27. Qg5
Bd2 28. Nf6+ Kh8 29. Qh4 h6 30. Ra1 Bc2 0-1

[Event "GSF 75 aars jubilaeum Mester2 2008"]
[Site "Bagsvaerd"]
[Date "2008.05.27"]
[Round "6"]
[White "Petersen, Erling Karl"]
[Black "Furu, Thormod"]
[Result "0-1"]
[WhiteElo "1833"]
[BlackElo "1922"]
[PlyCount "77"]
[EventDate "2008.??.??"]

1. Nf3 d5 2. d4 Nf6 3. g3 Bf5 4. Bg2 e6 5. Nh4 Bg4 6. h3 Bh5 7. Nf3 c5 8. e3
Nc6 9. Nbd2 cxd4 10. Nb3 Bb4+ 11. Kf1 dxe3 12. Bxe3 O-O 13. c3 Bd6 14. g4 Bg6
15. Nh4 Be4 16. Bg5 h6 17. Bxf6 Bxg2+ 18. Nxg2 Qxf6 19. Qe2 Rad8 20. Rd1 a6 21.
Ne1 Bb8 22. Qf3 Qe5 23. Nc2 Ba7 24. Re1 Qd6 25. Ncd4 Nxd4 26. Nxd4 Bxd4 27.
cxd4 Rc8 28. Kg2 Rc4 29. Rd1 f5 30. Qe3 fxg4 31. hxg4 Rf6 32. Rhe1 b5 33. f3
Rc2+ 34. Re2 Qc6 35. Rdd2 Rxd2 36. Rxd2 Qc1 37. Qe2 Qc4 38. Qe3 g5 39. Rd3 0-1

[Event "GSF 75 aars jubilaeum Mester2 2008"]
[Site "Bagsvaerd"]
[Date "2008.05.27"]
[Round "6"]
[White "Strachan, Christian C"]
[Black "Sorensen, Dick"]
[Result "0-1"]
[WhiteElo "1815"]
[BlackElo "1911"]
[PlyCount "72"]
[EventDate "2008.??.??"]

1. e4 c5 2. c3 d5 3. exd5 Qxd5 4. d4 e5 5. Nf3 exd4 6. cxd4 cxd4 7. Qxd4 Qxd4
8. Nxd4 Bb4+ 9. Bd2 Bxd2+ 10. Nxd2 Nf6 11. Nb5 Na6 12. Bc4 O-O 13. O-O Rd8 14.
Nf3 Bg4 15. Ne5 Bh5 16. f3 Nb4 17. Rad1 Nc2 18. Kf2 Ne4+ 19. Ke2 a6 20. Nc7
Rac8 21. g4 Nd6 22. gxh5 Rxc7 23. Bb3 Re7 24. f4 Nb4 25. Kf3 Nc6 26. Rfe1 Kf8
27. Nxc6 bxc6 28. Ba4 Rxe1 29. Rxe1 Nf5 30. Kg4 Nd4 31. Re5 f5+ 32. Kg3 Rd5 33.
Re3 Ra5 34. b3 Rc5 35. Rd3 Ne2+ 36. Kf3 Nc3 0-1

[Event "GSF 75 aars jubilaeum Mester2 2008"]
[Site "Bagsvaerd"]
[Date "2008.06.03"]
[Round "6"]
[White "Hejberg, Carsten"]
[Black "Steenstrup, Per"]
[Result "1-0"]
[WhiteElo "1909"]
[BlackElo "1904"]
[PlyCount "133"]
[EventDate "2008.??.??"]

1. d4 Nf6 2. c4 e6 3. Nc3 Bb4 4. Qb3 c5 5. dxc5 Bxc5 6. Nf3 Qb6 7. Qxb6 Bxb6 8.
Bg5 Ba5 9. Bxf6 gxf6 10. Rc1 Nc6 11. a3 d6 12. e3 Rg8 13. g3 Bd7 14. Bg2 Rg4
15. Nd2 Ne5 16. Ke2 Bc6 17. Bxc6+ bxc6 18. Rhd1 Ke7 19. f4 Nd7 20. b4 Bb6 21.
Nde4 d5 22. Nf2 Rgg8 23. b5 cxb5 24. cxd5 a6 25. d6+ Kd8 26. Nce4 Rc8 27. Nd3
f5 28. Ng5 Rg7 29. Rxc8+ Kxc8 30. Nf3 f6 31. Nh4 Nb8 32. Nb4 Rd7 33. Kf3 Kb7
34. e4 fxe4+ 35. Kxe4 Nc6 36. f5 e5 37. Kd5 Nd8 38. Rc1 e4 39. Ng2 a5 40. Na2
e3 41. Nc3 b4 42. axb4 axb4 43. Ne4 Rf7 44. Nf4 b3 45. Rb1 Nc6 46. Rxb3 Ne5 47.
Nc5+ Ka7 48. Rxe3 Bxc5 49. Kxc5 Kb7 50. Kd5 Kc8 51. Ke6 Rd7 52. Nd5 Nc4 53. Rc3
Rxd6+ 54. Ke7 Rd7+ 55. Kxf6 Kd8 56. Rxc4 Rxd5 57. Rh4 Rd7 58. Kg5 Ke8 59. f6
Kf8 60. Kf5 Ra7 61. Re4 Ra2 62. h4 Rf2+ 63. Kg5 Kf7 64. Re7+ Kg8 65. g4 h6+ 66.
Kg6 h5 67. Re8# 1-0

[Event "GSF 75 aars jubilaeum Mester2 2008"]
[Site "Bagsvaerd"]
[Date "2008.06.10"]
[Round "7"]
[White "Steenstrup, Per"]
[Black "Edoo, Niels"]
[Result "1-0"]
[WhiteElo "1904"]
[BlackElo "1847"]
[PlyCount "69"]
[EventDate "2008.??.??"]

1. e4 c5 2. Nf3 d6 3. d4 cxd4 4. Nxd4 Nf6 5. f3 e6 6. c4 Be7 7. Nc3 O-O 8. Be3
a6 9. Be2 Nc6 10. Nc2 Bd7 11. O-O Ne5 12. f4 Ng6 13. Nd4 Rc8 14. Qd2 Qc7 15.
Rac1 Rfd8 16. Qe1 Qb8 17. a4 d5 18. cxd5 exd5 19. e5 Ng4 20. Bxg4 Bxg4 21. Qg3
Bd7 22. Rfd1 h5 23. h3 Be8 24. Nf5 Bc5 25. Bxc5 Rxc5 26. Nd6 Qc7 27. Qg5 Bxa4
28. Nxd5 Rxc1 29. Nxc7 Rxd1+ 30. Kh2 Rd7 31. Nce8 Re7 32. Nxg7 Kxg7 33. Qf6+
Kf8 34. f5 Bc6 35. fxg6 1-0

[Event "GSF 75 aars jubilaeum Mester2 2008"]
[Site "Bagsvaerd"]
[Date "2008.06.10"]
[Round "7"]
[White "Furu, Thormod"]
[Black "Hejberg, Carsten"]
[Result "1/2-1/2"]
[WhiteElo "1922"]
[BlackElo "1909"]
[PlyCount "107"]
[EventDate "2008.??.??"]

1. e4 d6 2. d4 Nf6 3. Nc3 c6 4. f4 Qa5 5. Bd3 e5 6. Nf3 Bg4 7. Be3 exf4 8. Bxf4
Qb6 9. O-O Bxf3 10. Qxf3 Qxd4+ 11. Kh1 Nbd7 12. Rad1 Ne5 13. Qe2 Qb6 14. Bxe5
dxe5 15. Bc4 Be7 16. Rd3 O-O 17. Bb3 Rad8 18. Rh3 Qd4 19. g4 Qd2 20. Qf3 Qg5
21. Rg3 Rd4 22. Qg2 Qd2 23. Qxd2 Rxd2 24. h3 Bb4 25. Rd3 Bxc3 26. bxc3 Nxe4 27.
Kg1 Rxd3 28. cxd3 Nd2 29. Rf2 Nxb3 30. axb3 Rd8 31. Rd2 f6 32. Kf2 Kf7 33. Ke3
Ke6 34. Rg2 g6 35. Ra2 a6 36. Rg2 Rd5 37. b4 Rd7 38. Rg1 Rf7 39. d4 exd4+ 40.
Kxd4 Rd7+ 41. Ke4 Rd2 42. Re1 Kd6 43. Rf1 Ke6 44. Re1 Kf7 45. Rf1 Rc2 46. Rf3
b6 47. Kd4 Ra2 48. Kc4 a5 49. Kb3 Ra1 50. Kb2 Ra4 51. Kb3 b5 52. Rd3 Ke7 53.
Re3+ Kd6 54. Rd3+ 1/2-1/2